000 00426nam a22001817a 4500
003 MPLRDC
005 20220104143010.0
008 210129b ||||| |||| 00| 0 eng d
020 _a962-357-518-1
082 _a782.886 LJC c.2
100 _a夏萍
245 _a李嘉诚传
_c
250 _a十一版
260 _a
_b明报出版社
_c1995
300 _b
650 _a李嘉诚传记
942 _cBK
_o782.886 LJC c.2
999 _c35641
_d35631